00421 a2200133 4500001001000000005001700010008004100027245003500068100002000103700002200123700002500145700002100170773009600191ART_1010520260410161612.0260409a 10aElogios del líder incompleto1 aAncona, Deborah1 aMalone, Thomas W.1 aOrlikowski, Wanda J.1 aSenge, Perter M.0 tHarvard Business Reviewg¿Quién fija la estrategia? - Vol. 85, Nº 2 (feb. 2007)wREV340